Vista normal Vista MARC
  • Comissió Coordinadora Lexicogràfica de Ciències

Entrada Nom corporatiu

Nombre de registres utilitzats a: 3

001 - NÚMERO DE CONTROL

  • campo de control: 64007

003 - IDENTIFICADOR DE NÚMERO DE CONTROL

  • campo de control: OSt

005 - FECHA Y HORA DE LA ÚLTIMA TRANSACCIÓN

  • campo de control: 20210930002346.0

008 - ELEMENTOS DE DATO DE LONGITUD-FIJA

  • campo de control de longitud fija: 210929|| aca||aabn | a|a d

040 ## - FUENTE DE CATALOGACIÓN

  • Centro catalogador/agencia de origen: OSt
  • Centro/agencia transcriptor: OSt

110 ## - ENCABEZAMIENTO-NOMBRE DE ENTIDAD CORPORATIVA

  • Nombre de entidad corporativa o nombre de jurisdicción como elemento de entrada: Comissió Coordinadora Lexicogràfica de Ciències

670 ## - FUENTE DE DATOS ENCONTRADOS

  • Cita de la fuente: Work cat.: (OSt)36527: Comissió Coordinadora Lexicogràfica de Ciències, Vocabularis bàsics: Matemàtiques, física, química